=LDR 00000nam 2200000 4500 =001 INLIS000000000036864 =005 20130612142627 =008 ***********************************Ind** =035 ##$$0010-061300000036864 =041 ##$$a Ind =082 ##$$a 646.72 =090 ##$$a 646.72, Apr e =100 ##$$a Aprilia, Ade =245 ##$$a Every day make up, riasan kasual, kuliah dan kerja, Ade Aprillia ; editor, Nana Lystiani =260 ##$$a 2010 $b Jakarta =300 ##$$a 64 hlm, ilus, 25 cm =650 ##$$a Kecantikan =850 ##$$a NBPNMAT =990 ##$$a 0001/BPAP-NTB/2016